| Tag |
First Indicator |
Second Indicator |
Subfields |
| LEADER |
00000cam a2200000Ma 4500 |
| 001 |
in00003836021 |
| 005 |
20190415180448.0 |
| 006 |
m o d |
| 007 |
cr |n||||||||| |
| 008 |
160226s2016 ne o 001 0 eng d |
| 020 |
|
|
|a 0128025611
|q (electronic bk.)
|
| 020 |
|
|
|a 9780128025611
|q (electronic bk.)
|
| 020 |
|
|
|z 9780128023235
|
| 020 |
|
|
|z 0128023236
|
| 035 |
|
|
|a (OCoLC)ocn941068390
|
| 035 |
|
|
|a (OCoLC)941068390
|
| 037 |
|
|
|a 898125
|b MIL
|
| 040 |
|
|
|a IDEBK
|b eng
|e pn
|c IDEBK
|d N$T
|d YDXCP
|d OPELS
|d N$T
|d OCLCO
|d CDX
|d EBLCP
|d OCLCF
|d OCLCO
|d KNOVL
|d OCLCQ
|d OCLCO
|d UtOrBLW
|
| 049 |
|
|
|a TXAM
|
| 050 |
|
4 |
|a TP248.B55
|
| 072 |
|
7 |
|a TEC
|x 009010
|2 bisacsh
|
| 082 |
0 |
4 |
|a 662/.88
|2 23
|
| 245 |
0 |
0 |
|a Biomass fractionation technologies for a lignocellulosic feedstock based biorefinery /
|c edited by Solange I. Mussatto.
|
| 264 |
|
1 |
|a Amsterdam, Netherlands :
|b Elsevier,
|c [2016]
|
| 264 |
|
4 |
|c ©2016
|
| 300 |
|
|
|a 1 online resource
|
| 336 |
|
|
|a text
|b txt
|2 rdacontent
|
| 337 |
|
|
|a computer
|b c
|2 rdamedia
|
| 338 |
|
|
|a online resource
|b cr
|2 rdacarrier
|
| 500 |
|
|
|a Includes index.
|
| 588 |
0 |
|
|a Print version record.
|
| 500 |
|
|
|a Electronic resource.
|
| 650 |
|
0 |
|a Biomass conversion.
|0 http://id.loc.gov/authorities/subjects/sh91000994
|
| 650 |
|
0 |
|a Lignocellulose
|x Biotechnology.
|0 http://id.loc.gov/authorities/subjects/sh2010002791
|
| 650 |
|
7 |
|a TECHNOLOGY & ENGINEERING
|x Chemical & Biochemical.
|2 bisacsh
|
| 650 |
|
7 |
|a Biomass conversion.
|2 fast
|0 (OCoLC)fst00832528
|
| 650 |
|
7 |
|a Lignocellulose
|x Biotechnology.
|2 fast
|0 (OCoLC)fst00998748
|
| 655 |
|
7 |
|a Electronic books.
|2 local
|
| 700 |
1 |
|
|a Mussatto, S. I.
|
| 710 |
2 |
|
|a Knovel (Firm)
|0 http://id.loc.gov/authorities/names/nr2001027264
|
| 856 |
4 |
0 |
|u http://proxy.library.tamu.edu/login?url=http://app.knovel.com/hotlink/toc/id:kpBFTLFBB2/biomass-fractionation-technologies
|z Connect to the full text of this electronic book
|t 0
|
| 999 |
f |
f |
|s 32ceac23-b918-390a-b2d5-fccc3fcf7fcd
|i d867f9cc-c63e-3bbf-9755-efbcb55bd849
|t 0
|
| 952 |
f |
f |
|a Texas A&M University
|b College Station
|c Electronic Resources
|d Available Online
|t 0
|e TP248.B55
|h Library of Congress classification
|
| 998 |
f |
f |
|a TP248.B55
|t 0
|l Available Online
|